Statistics for Top 50 Premier League 2010s Scorers

Click here to take the quiz!

General Stats

  • This quiz has been taken 75 times
  • The average score is 31 of 50

Answer Stats

Rk Player Main Team Goals % Correct
1Sergio AgüeroManchester City164
100%
2Wayne RooneyManchester United128
100%
8Jamie VardyLeicester City80
98%
3Harry KaneTottenham Hotspur125
97%
46Son Heung-minTottenham Hotspur42
97%
24Mohamed SalahLiverpool56
95%
4Romelu LukakuEverton113
92%
5Robin van PersieArsenal105
92%
34Steven GerrardLiverpool49
92%
13Luis SuárezLiverpool69
89%
12Frank LampardChelsea70
85%
6Eden HazardChelsea85
84%
35Didier DrogbaChelsea49
84%
16Sadio ManéLiverpool66
84%
43Demba BaNewcastle United43
77%
15Raheem SterlingManchester City66
76%
22Peter CrouchStoke City57
74%
37Roberto FirminoLiverpool48
74%
7Jermain DefoeTottenham Hotspur83
73%
25David SilvaManchester City54
73%
9Olivier GiroudArsenal78
71%
33Christian EriksenTottenham Hotspur49
68%
23Darren BentSunderland56
68%
39Riyad MahrezLeicester City46
65%
44Dele AlliTottenham Hotspur42
65%
38Fernando TorresLiverpool47
63%
50Gareth BaleTottenham Hotspur41
63%
10Daniel SturridgeLiverpool72
63%
20Dimitar BerbatovManchester United58
63%
28Diego CostaChelsea52
58%
17Alexis SánchezArsenal63
55%
11Christian BentekeAston Villa70
53%
21Carlos TevezManchester City58
53%
32Edin DžekoManchester City50
52%
14Theo WalcottArsenal67
50%
31Andy CarrollWest Ham United50
44%
19Yaya TouréManchester City59
44%
48Philippe CoutinhoLiverpool41
39%
29Emmanuel AdebayorTottenham Hotspur51
37%
45Joshua KingBournemouth42
35%
47Gabby AgbonlahorAston Villa41
32%
18Gylfi SigurðssonSwansea City59
29%
27Javier HernándezManchester United52
29%
49Danny WelbeckManchester United41
27%
41Marko ArnautovićStoke City43
26%
30Juan MataManchester United50
24%
36Shane LongSouthampton48
24%
26Steven FletcherSunderland53
23%
42Clint DempseyFulham43
21%
40Jonathan WaltersStoke City43
16%

Score Distribution

Percentile by Number Answered

Percent of People with Each Score

Your Score History

You have not taken this quiz